Macroeconomics and the Phillips curve myth

Salvato in:
Dettagli Bibliografici
Autore principale: Forder, James
Natura: Libro
Lingua:inglese
Pubblicazione: New York Oxford University Press 2014
Serie:Oxford studies in the history of economics
Soggetti:
Tags: Aggiungi Tag
Nessun Tag, puoi essere il primo ad aggiungerne!!

MARC

LEADER 00000nam a2200000 4500
001 0220492
005 20230109114640.4
020 |a 978-0-19-968365-9 
041 0 |a eng 
044 |a US 
245 1 0 |a Macroeconomics and the Phillips curve myth 
264 1 |a New York  |b Oxford University Press  |c 2014 
300 |a ix, 306 s. 
490 1 |a Oxford studies in the history of economics 
830 0 |a Oxford studies in the history of economics 
610 2 0 |a makroekonomika 
610 2 0 |a Phillipsova krivka 
610 2 0 |a myslenie ekonomické 
610 2 0 |a dejiny myslenia ekonomického 
610 2 0 |a inflácia 
610 2 0 |a nezamestnanosť 
100 1 |a Forder, James